00733cam a2200241 a 45000010008000000030006000080050017000140080041000310100017000720200023000890350021001120400018001330500027001510820020001781000020001982450038002182600038002563000036002945000037003306000027003676300064003946500033004584522321GBCCL20241126110417.0990524s1999 cauab 000 1 eng  a 99031673  a0830724281 (trade) a(DLC) 99031673 aDLCcDLCdDLC00aPS3570.O9334bJ47 199900a813.54221bTOW1 aTowns, Elmer L.14aThe son :ba novel /cE.L. Towns. aVentura, Calif. :bRegal,cc1999. a331 p. :bill., 1 map ;c23 cm. a"He was sent to save the world."00aJesus ChristvFiction.00aBible.pNew TestamentxHistory of Biblical eventsvFiction. 0aChristian fiction, American.